000 00347pab a2200157 454500
008 180718b2008 xxu||||| |||| 00| 0 eng d
100 _aTalimenla
245 _aEthnography of the AO NAGAS
260 _c2008
300 _ap.44-56.
362 _aMar
650 _aTribes
773 _aTribal Research Bulletin
908 _aN
909 _a80664
999 _c80664
_d80664